02099nam a2200301 u 4500001000800000005001700008007001000025008004100035035001200076040001300088041000800101082000800109100004600117245017000163260003900333300001300372520107300385650002301458650002401481650004001505650004901545650004101594700005101635700004801686700004601734502001001780526000701790144838720260508090809.0co|||||||160818s2016 spa  a1448387 ccomduadb aspa 4a65710aGutiérrez Loaiza, Estefanía4auteaut10aPerspectivas de las PYMES exportadoras de flores de Rionegro frente al servicio de auditoría externa ofrecido por las firmas de auditoría especializadas en pymes aMedellín :bAutores (as),c2016. a1 CD-ROM3 aPartiendo de la necesidad de crecimiento a la que se enfrentan las Pymes exportadoras del sector floricultor de Rionegro surge esta investigación, centrada en la identificación de las perspectivas que tienen estas empresas acerca del servicio de auditoría externa; el cual, es ofrecido por firmas de auditoría especializadas, para que la información financiera sea confiable, les permita ser competitivas, mantenerse en los mercados internacionales y ser impulsadas hacia su crecimiento. Se encontraron resultados mixtos, siendo el principal que las Pymes del sector floricultor ubicadas en Rionegro dedicadas a la exportación, no consideran como una necesidad el contratar servicios de auditoría externa, esto se debe principalmente a que no existe claridad en el servicio de aseguramiento de revisoría fiscal y auditoría externa, evidenciando una disminución en el la contratación de este servicio, incluso, entre los mismos profesionales de la contaduría pública, la administración y agentes de toma de decisiones en estas compañías. aRevisoría fiscal aAuditoría externa 7aPequeña y mediana empresa2armarc aRionegro (Antioquia) - Aspectos económicos aRionegro (Antioquia) - Exportaciones10aHernández Ávila, Mayra Alejandra4auteaut10aMejía Echavarría, Luis Felipe4auteaut10aGuevara Sanabria, Jaime Alberto4thseths b60c9 a60